Stolice świata najdalej od Warszawy według kontynentu - Statystyki

Ogólne statystyki
  • Ten quiz został rozwiązany 1 730 razy
  • Średni wynik to 15 z 30
Statystyki odpowiedzi
Kontynent Państwo km Stolica % Poprawnych
Europa Portugalia 2 764 Lizbona
89%
Europa Hiszpania 2 291 Madryt
85%
Europa Islandia 2 777 Reykjavik
81%
Ameryka Południowa Argentyna 12 328 Buenos Aires
76%
Ameryka Południowa Chile 12 987 Santiago
71%
Europa Irlandia 1 830 Dublin
70%
Ameryka Południowa Peru 11 610 Lima
69%
Europa Malta 1 888 Valletta
67%
Oceania Australia 15 559 Canberra
66%
Ameryka Północna Meksyk 10 189 Meksyk
66%
Ameryka Południowa Urugwaj 12 226 Montevideo
65%
Afryka Republika Południowej Afryki 9 585 Kapsztad
62%
Azja Indonezja 10 268 Dżakarta
60%
Oceania Nowa Zelandia 17 694 Wellington
60%
Azja Filipiny 9 390 Manila
52%
Azja Singapur 9 408 Singapur
49%
Ameryka Południowa Paragwaj 11 472 Asunción
43%
Azja Timor Wschodni 11 749 Dili
37%
Ameryka Północna Kostaryka 10 149 San Jose
34%
Ameryka Północna Salwador 10 137 San Salvador
31%
Oceania Fidżi 15 742 Suva
30%
Ameryka Północna Honduras 9 977 Tegucigalpa
30%
Azja Brunei 9 844 Bandar Seri Begawan
29%
Ameryka Północna Nikaragua 10 091 Managua
27%
Afryka Eswatini 8 760 Mbabane
26%
Afryka Lesotho 9 057 Maseru
24%
Oceania Samoa 15 594 Apia
20%
Oceania Tonga 16 285 Nuku'alofa
18%
Afryka Mauritius 8 766 Port Louis
18%
Afryka Republika Południowej Afryki 9 027 Bloemfontein
16%
Nie znaleziono quizów pasujących do podanych kryteriów
Rozkład punktacji
Procent ludzi z każdym wynikiem
Percentyl według liczby udzielonych odpowiedzi
Twoja historia wyników
Nie rozwiązałeś tego quizu